Statistics for Countries by Ukrainian Ancestry

Click here to take the quiz!

General Stats

  • This quiz has been taken 75 times
  • The average score is 16 of 20

Answer Stats

TotalCountry% Correct
4.200.000Russia
100%
1.300.000United States
97%
800.000Germany
92%
4.700.000Poland
92%
480.000Belarus
90%
220.000France
89%
1.550.000Canada
85%
437.000Italy
84%
490.000Slovakia
82%
950.000Romania
80%
1.150.000Brazil
75%
256.000Bulgaria
75%
605.000Hungary
75%
650.000Moldova
75%
330.000Czech Republic
74%
360.000Greece
72%
890.000Kazakhstan
67%
530.000Argentina
66%
200.000Uzbekistan
57%
150.000Portugal
30%

Score Distribution

Percentile by Number Answered

Percent of People with Each Score

Your Score History

You have not taken this quiz